| 000 | 00513cam a2200169 4500 | ||
|---|---|---|---|
| 001 | J110127 | ||
| 008 | 000000n 000 0 eng u | ||
| 035 | _a(Sirsi) u110127 | ||
| 110 |
_aIncorporated Society of Valuers and Auctioneers _91201 |
||
| 245 | _aSurveying services a guide. | ||
| 260 |
_aLondon _bISVA _c1984? |
||
| 300 | _a10p. ; 21cm. | ||
| 650 | _aABOUT RICS-RELATED ORGANISATIONS-INCORPORATED SOCIETY OF VALUERS AND AUCTIONEERS | ||
| 650 | _aSURVEYING SERVICES | ||
| 650 | _aSURVEYORS | ||
| 942 | _n0 | ||
| 999 |
_c101056 _d101056 |
||